000 00349 a2200169 4500
001 166626
020 _a978-85-08-10670-7
040 _cMagnum
100 _aCarrasco, Walcyr
240 1 0 _aVida de droga
_lpor
245 1 0 _aVida de droga
300 _a176
362 0 _a2007
440 1 _aÁtica
697 _aLITERATURA JUVENIL
942 _cBK
999 _c166626
_d166626